000
00318nam a2200157Ia 4500
100
_a
Siever/ Ellen
250
_a
3
942
_c
BK
654
_a
linux
245
_a
Linux in a Nutshell
260
_b
Oreilly & Ass Inc
_c
2000
082
_a
005.133'L'
_b
SIE/
300
_a
797
546
_a
ENGLISH
999
_c
20491
_d
20491